The Student Nurse Handbook (Record no. 35976)
[ view plain ]
| 000 -LEADER | |
|---|---|
| fixed length control field | 00400nam a22001577a 4500 |
| 003 - CONTROL NUMBER IDENTIFIER | |
| control field | OSt |
| 005 - DATE AND TIME OF LATEST TRANSACTION | |
| control field | 20240207091933.0 |
| 008 - FIXED-LENGTH DATA ELEMENTS--GENERAL INFORMATION | |
| fixed length control field | 240207b |||||||| |||| 00| 0 eng d |
| 020 ## - INTERNATIONAL STANDARD BOOK NUMBER | |
| International Standard Book Number | 978-0-7020-4579-0 |
| 040 ## - CATALOGING SOURCE | |
| Original cataloging agency | DDC |
| Transcribing agency | HU |
| 082 ## - DEWEY DECIMAL CLASSIFICATION NUMBER | |
| Edition number | 3d |
| Classification number | 610.73 |
| Item number | 2 |
| 100 ## - MAIN ENTRY--PERSONAL NAME | |
| Personal name | Bethann Siviter |
| 9 (RLIN) | 7375 |
| 245 ## - TITLE STATEMENT | |
| Title | The Student Nurse Handbook |
| 260 ## - PUBLICATION, DISTRIBUTION, ETC. | |
| Place of publication, distribution, etc. | Edinburgh |
| Name of publisher, distributor, etc. | Elsevier Ltd. |
| Date of publication, distribution, etc. | 2013 |
| 942 ## - ADDED ENTRY ELEMENTS (KOHA) | |
| Source of classification or shelving scheme | Dewey Decimal Classification |
| Koha item type | Books like text book referance book |
| Suppress in OPAC | No |
| Withdrawn status | Lost status | Source of classification or shelving scheme | Damaged status | Not for loan | Home library | Current library | Date acquired | Total Checkouts | Full call number | Barcode | Date last seen | Copy number | Price effective from | Koha item type |
|---|---|---|---|---|---|---|---|---|---|---|---|---|---|---|
| Dewey Decimal Classification | College of Medicine and Health’s Sciences Library | College of Medicine and Health’s Sciences Library | 02/07/2024 | 610.73,Siv,2013,C-1 | CMHSL00012170 | 02/07/2024 | 1 | 02/07/2024 | Books like text book referance book | |||||
| Dewey Decimal Classification | College of Medicine and Health’s Sciences Library | College of Medicine and Health’s Sciences Library | 02/07/2024 | 610.73,Siv,2013,C-1 | CMHSL00012171 | 02/07/2024 | 2 | 02/07/2024 | Books like text book referance book |